000 00774nam a2200181Ia 4500
008 151202s9999||||xx |||||||||||||| ||und||
082 _bPNVM-42415
100 _aप्रभावळकर दिलीप.
245 _aदिलीप प्रभावळकरांच्या एकांकिका.
260 _b"भारव्दाज प्रकाशन,पुणे."
260 _c1998
300 _a51
600 _aप्रभावळकर दिलीप.
630 _aदिलीप प्रभावळकरांच्या एकांकिका.
700 _aप्रभावळकर दिलीप.
730 _aदिलीप प्रभावळकरांच्या एकांकिका.
942 _cBOOK
999 _c1308367
_d1308364